LIBRARY & INFORMATION CENTRE, KCAET, TAVANUR

ONLINE PUBLIC ACCESS CATALOGUE (OPAC)

Applied numerical methods using matlab / (Record no. 12977)

MARC details
000 -LEADER
fixed length control field 00425cam a2200157ua 4500
041 ## - LANGUAGE CODE
Language code of text/sound track or separate title eng
082 ## - DEWEY DECIMAL CLASSIFICATION NUMBER
Classification number 515.6124
Item number YAN/AP
100 ## - MAIN ENTRY--AUTHOR NAME
Personal name Yang, Won Young etal .
245 ## - TITLE STATEMENT
Title Applied numerical methods using matlab /
260 ## - PUBLICATION, DISTRIBUTION, ETC. (IMPRINT)
Place of publication New York :
Name of publisher Wiley Interscience publications ,
Year of publication 2006.
300 ## - PHYSICAL DESCRIPTION
Number of Pages ; .
942 ## - ADDED ENTRY ELEMENTS (KOHA)
Koha item type Books
Holdings
Withdrawn status Lost status Damaged status Home library Current library Date acquired Full call number Accession Number Koha item type
      KAUAET KAUAET 07/04/2012 515.6124 21199 Books
      KAUAET KAUAET 07/04/2012 515.6124 22003 Books
free website counter